Artist's Biggest Songs #6 (Deutsch) - Statistiken

Allgemein
  • Dieses Quiz wurde 131 mal gespielt
  • Das Durchschnittsergebnis liegt bei 11 aus 15
Antwortstatistiken
Hint Antwort % Korrekt
Wunder gescheh'n Leuchtturm Nur geträumt Irgendwie, irgendwo, irgendwann 99 Luftballons Nena
99%
Schwarz zu blau Schüttel deinen Speck Haus am See Alles neu Zukunft Pink Peter Fox
90%
Feuer frei! Engel Deutschland Sonne Du hast Rammstein
90%
194 Länder Wir Sind Groß Übermorgen Chöre Au Revoir Mark Forster
87%
Bonnie & Clyde Hier kommt Alex Wannsee Alles aus Liebe Tage wie diese Die Toten Hosen
82%
Sie ist weg Mit freundlichen Grüßen Die Da!?! Troy Zusammen Die Fantastischen Vier
81%
Zombie Party Atzin Strobo Pop Das geht ab - Wie feiern die ganze Nacht Disco Pogo Die Atzen
75%
Wir beide Regen und Meer Elektrisches Gefühl Geile Zeit Perfekte Welle Juli
73%
Die Reise Legenden Irgendwann ist jetzt Wenn sie tanzt 80 Millionen Max Giesinger
73%
Mama hat gesagt Wenn ich groß bin Die schönsten Tage Die Nacht von Freitag auf Montag Ich will nur dass du weißt SDP
71%
Treppenhaus Wenn Du mich lässt 7 Stunden Leiser Immer wenn wir uns sehn Lea
61%
fuß baumeln meinen die uns eehhhyyy wie du manchmal fehlst tau mich auf Zartmann
58%
Ausgehen Barfuß am Klavier Oft gefragt Pocahontas Tom's Diner AnnenMayKantereit
55%
Von hier an blind Guten Tag Aurelie Denkmal Nur ein Wort Wir sind Helden
55%
Generation YouPorn Top Vivaldi Alles Gute Wem du's heute kannst besorgen Faber
15%
Keine übereinstimmenden Quizze gefunden
Verteilung der Resultate
Anzahl Personen mit jedem Resultat
Perzentil nach korrekt beantworteten Fragen
Ihre Resultats-Entwicklung
Sie haben dieses Quiz noch nicht gespielt